Where is it? - Level 5 - hard - Statistics

General Stats
  • This quiz has been taken 39 times
  • The average score is 11 of 25
Answer Stats
Hint Answer % Correct
Suez Canal Egypt
86%
Alhambra (palace and fortress) Granada, Spain
69%
location of the first modern (revival) Olympic Games Athens, Greece
67%
Melilla Spain, Africa
64%
Gotland Sweden
64%
Old Faithful, geyser Yellowstone National Park
61%
iris (anatomy) eye
58%
Everton (football) Liverpool, England
58%
Åland Finland
56%
Statue of Bruce Lee Hong Kong
56%
Azores Portugal
56%
patella knee
53%
home of Maoist Internationalist Movement United States
50%
South Ossetia (disputed state) Georgia
47%
Trolltunga Odda, Norway
47%
Mar-a-Lago Palm Beach, Florida
47%
Al Capone born in Brooklyn, New York
33%
'Ndrangheta organized crime group origin Calabria, Italy
31%
the Red Fort Old Delhi, India
31%
location of ancient Olympic Games Olympia, Greece
22%
Puntland (disputed state) Somalia
17%
John Lennon Wall Prague
11%
NASA headquarters Washington D.C.
11%
Charles de Gaulle, president of France born in Lille
3%
where Confucius was born Qufu
3%
No matching quizzes found
Score Distribution
Percent of People with Each Score
Percentile by Number Answered
Your Score History
You have not taken this quiz